1351 1285 1270 1590 1439 1349 1949 1597 1404 1136 1300 1044 1038 1801 1453 1238 1950 1911 1082 1824 1203 1734 1229 1178 1711 1813 1553 1182 1030 1210 1598 1288 1972 1766 1700 1576 1763 1053 1641 1625 1547 1363 1294 1692 1528 1809 1350 1673 1296 1375 1028 1899 1261 1783 1184 1254 1845 1833 1162 1465 1426 1817 1370 1097 1929 1662 1425 1748 1513 1588 1938 1429 1460 1923 1786 1313 1661 1989 1619 1697 1559 1504 1920 1670 1783 1129 1100 1504 1821 1182 1814 1819 1625 1506 1894 1792 1563 1436 1548 BCNSPRNW ULIB Ver.6.0+V

เปลี่ยนเป็นภาษาไทย

Change to English
 แสดงรายละเอียดบรรณานุกรม
  กลับหน้าหลัก

Brief Record : Get Marc (ISO 2709) : E-mail record : QR code < ปิดหน้าต่าง
LEADER : 00000nam 2200000uu 4500
001    13399120210
003     ULIB
008    070306s2548 th a 000 0 tha d
020    ^a9745063894
050  4 ^aGV567^bศ337 2548
245 00 ^aศัพท์วิทยาศาสตร์การกีฬาและกายภาพบำบัดสำหรับนักกีฬานักวิทยาศาสตร์การกีฬา นักกายภาพบำบัด บุลากรสาธารณสุขแพทย์และพยาบาล=^bVocabulary in sport science and physicaltherapy /^c[บรรณาธิการ] วรุณวรรณ ผาโคตร, สิรินาถ นุชนาถ,ธาดา วิมลวัตรเวที
250    ^aพิมพ์ครั้งที่ 1
260    ^aกรุงเทพฯ ^bเค.เอส.พี.การพิมพ์,^c2548
300    ^aก-ช, 386 หน้า :^bภาพประกอบ
500    ^aชื่อเรื่องจากปกนอก
650  4 ^aวิทยาศาสตร์การกีฬา^xคำศัพท์
650  4 ^aกายภาพบำบัด^xคำศัพท์
650  4 ^aกีฬา^xคำศัพท์
650  4 ^aพจนานุกรม^xคำศัพท์
700 0  ^aวรุณวรรณ ผาโคตร,^eบรรณาธิการ
700 0  ^aสิรินาถ นุชนาถ,^eบรรณาธิการ
700 0  ^aธาดา วิมลวัตรเวที^eบรรณาธิการ
945    ^p199^l0^i19525
995    ^aกัณชพร
999    ^aทศพร เกษรทอง
รายการนี้ยังไม่มีแท็ก
คุณยังไม่ได้ล็อกอิน คุณสามารถมีกิจกรรมร่วมกับเว็บไซต์ได้ แต่ต้องล็อกอินก่อน ::
  ล็อกอิน

รายการสื่อสารสนเทศ

ลำดับที่ ประเภท เลขเรียก/บาร์โค้ด สถานที่ สถานะ
1. วิทยาศาสตร์การแพทย์ และสุขภาพ
วิทยาศาสตร์การแพทย์ และสุขภาพ
GV567 ศ337 2548  
  Barcode: 19525
ห้องสมุดวิทยาเขตสวรรค์ประชารักษ์
►หนังสือทั่วไป
บนชั้น

BibComment


ยังไม่เคยถูกคอมเมนท์

คอมเมนท์ทรัพยากรรายการนี้
  คอมเมนท์: ศัพท์วิทยาศาสตร์..


 Copyright 2026. Bcnsprnw @Library